000 00622nam a2200241 a 4500
001 0001-1192
003 ELIB.Books
008 150513 2010 eng
020 _a0817013385
035 _a(ELIB.Books)0001-1347
092 _a286.1
_bGau
100 _aGaustad, Edwin S.
245 _aLiberty of Conscience:
_bRoger Williams In America
260 _aValley Forge
_bJudson Press
_c1999
300 _a229
_c21.5 Cm
500 _aC/o Moe Lwei
650 _aBaptists
856 _nKBTS: Library
_uKBTS: Elib
942 _2ddc
_cBK
990 _a1
998 _cbat
_e2015-05-13
999 _c11192
_d11192